00791nam a2200193 u 450000100100000000500170001000800410002704000250006804100080009308200180010110000460011924500770016526000490024230000290029150000700032050400730039095201170046399900170058000002033520200929170354.0100813s1970 xx 000 0 eng d aDO-SdBNPbspacBNPHU17aeng a335.438bxxxx1 aLenin, Vladimir Il'ichd1870-1924.93452410aLenin on the United States /cselected from the writings of V. I. Lenin. aNew York :bInternational Publishers,c1970. axxii, 674 p. ; :b22 cm. aIncluye datos biográficos del autor en la solapa de la cubierta aIncluye referencias bibliográficas y notas al pie de las páginas 0010507-18MOaGRbGRcOId2017-05-08iLF1l0o335.438 xxxxp20335-10r2020-06-25w2020-06-25y1ZNo se presta c19839d19839